000 00627nam a2200229Ia 4500
001 362
005 20240113233411.0
007 ta
008 050111s1911 g b000 u eng u
040 _aRef. stack
041 _aeng
082 _a491.4603
_bVa 477 Sc
100 _aVaze, Shridhar Ganesh .
245 0 _aAryabhushan school dictionary marathi english /
_cShridhar Ganesh Vaze.
_hTextual Documents
250 _a1st ed /
260 _aPoona :
_bAnant Vinayak Patvardhan ,
_c1911.
300 _a577p. ;
_c22cm.
653 _aBilangual school dictionary
942 _2ddc
_cBK
999 _c361
_d361